Agricultural Development of Hyderabad State(Medak Suba) 1905-1950 A.D./ (Record no. 175723)

MARC details
000 -LEADER
fixed length control field 00719nam a22001937a 4500
005 - DATE AND TIME OF LATEST TRANSACTION
control field 20200923111657.0
010 ## - LCCN (DPL NO)
LC control number ENG-128452
020 ## - INTERNATIONAL STANDARD BOOK NUMBER
Terms of availability 350.00
International Standard Book Number 9789388492072
035 ## - SYSTEM CONTROL NUMBER
System control number EN-111984
037 ## - SOURCE OF ACQUISITION
Source of stock number/acquisition DBAD/PUB
082 ## - DEWEY DECIMAL CLASSIFICATION NUMBER
Classification number 630.95435
100 ## - MAIN ENTRY--PERSONAL NAME
Personal name Reddy, V. Ramakrishna
245 ## - TITLE STATEMENT
Title Agricultural Development of Hyderabad State(Medak Suba) 1905-1950 A.D./
Statement of responsibility, etc by Prof. (Retd.) V. Ramakrishna Reddy
260 ## - PUBLICATION, DISTRIBUTION, ETC. (IMPRINT)
Place of publication, distribution, etc Vijaywada
Name of publisher, distributor, etc EMESCO BOOKS
Date of publication, distribution, etc 2018
270 ## - ADDRESS
Address 33-22-2, Chandram Buildings, C.R.Road, Chuttungunta
City Vijaywada
Postal code 520004
Telephone number 0866-2436643
Electronic mail address emescovja@gmail.com
300 ## - PHYSICAL DESCRIPTION
Extent 458p.
Dimensions 21cm(pbk)
Other physical details Tables
500 ## - GENERAL NOTE
General note Includes bibliography and Abbrevations
942 ## - ADDED ENTRY ELEMENTS (KOHA)
Source of classification or shelving scheme Dewey Decimal Classification
Item type English Books
Classification part 630.95435
Call number suffix RED
Holdings
Withdrawn status Lost status Not for loan Collection code Home library Current library Date acquired Source of acquisition Cost, normal purchase price Full call number Barcode Cost, replacement price Koha item type
      Non-fiction Ashok Vihar Ashok Vihar 23/09/2020 DBAD/PUB 350.00 630.95435 RED EN-111984 350.00 English Books

© Delhi Public Library
Hit Counter
free hit counter